[Event "LSS OP-2009-0-00906"]
[Site "LSS email"]
[Date "2009.07.27"]
[Round "?"]
[White "Ranganathan, Raman"]
[Black "Garmatz, Walter Eduardo Zenk"]
[Result "0-1"]
[WhiteElo "997"]
[BlackElo "1498"]
[PlyCount "78"]
[EventDate "2009.07.21"]
[EventType "tourn (corr)"]
[EventRounds "4"]
[EventCountry "GER"]
[SourceTitle "Corr 2011"]
[Source "ChessBase"]
[SourceDate "2010.08.31"]
[SourceVersion "1"]
[SourceVersionDate "2010.08.31"]
[SourceQuality "1"]

1. e4 e5 2. c3 Nf6 3. Qf3 Bc5 4. Bc4 Nc6 5. Ne2 d6 6. b4 Bb6 7. 0-0 Bg4 8. Qg3 h5 9. d4 Nxe4 10. Qd3 d5 11. Bb3 Bxe2 12. Qxe2 exd4 13. Ba3 Qg5 14. b5 Ne7 15. Bxe7 Kxe7 16. cxd4 Bxd4 17. Na3 Bxa1 18. Rxa1 Kf8 19. Re1 Rh6 20. Bc2 Re6 21. Nc4 Rae8 22. Ne3 d4 23. Nf1 Nc3 24. Qd2 Qxd2 25. Rxe6 Qxc2 26. Rxe8+ Kxe8 27. g3 Ne2+ 28. Kg2 d3 29. Ne3 Qxa2 30. h4 f5 31. Nxf5 Qd5+ 32. f3 Qxf5 33. Kf2 Nd4 34. Ke3 Nxf3 35. b6 axb6 36. g4 hxg4 37. h5 d2 38. Kf2 d1Q 39. Kg2 Qg1# 0-1

[Event "LSS No Engine Cup Gr02 prel 04 email"]
[Site "LSS email"]
[Date "2009.07.02"]
[Round "?"]
[White "Bujdak, Pavol"]
[Black "Ranganathan, Raman"]
[Result "1-0"]
[WhiteElo "1870"]
[BlackElo "986"]
[PlyCount "61"]
[EventDate "2009.07.03"]
[EventType "tourn (corr)"]
[EventRounds "6"]
[EventCountry "GER"]
[SourceTitle "Telechess CBM 137"]
[Source "ChessBase"]
[SourceDate "2010.07.15"]
[SourceVersion "1"]
[SourceVersionDate "2010.07.15"]
[SourceQuality "1"]

1. Nf3 Nc6 2. d4 d5 3. c4 dxc4 4. e4 b5 5. d5 Nb4 6. Nc3 f6 7. a3 Na6 8. Nxb5 Bd7 9. Bxc4 Nc5 10. Nc3 e5 11. Nxe5 fxe5 12. Qh5+ g6 13. Qxe5+ Ne7 14. Qxh8 Bc8 15. 0-0 a6 16. Qxh7 Nd7 17. d6 Ne5 18. dxe7 Bxe7 19. Qh8+ Kd7 20. Qxe5 Bb7 21. Rd1+ Bd6 22. Qe6+ Kc6 23. Bd5+ Kb6 24. Be3+ c5 25. Bxb7 Kxb7 26. Qxd6 Qxd6 27. Rxd6 Rc8 28. Rad1 Rc7 29. Rd7 Rxd7 30. Rxd7+ Kc6 31. Rd5 1-0

[Event "LSS ZL-2009-0-00545"]
[Site "LSS email"]
[Date "2009.06.29"]
[Round "?"]
[White "Chatzisotiriou, Petros"]
[Black "Ranganathan, Raman"]
[Result "1-0"]
[WhiteElo "1221"]
[BlackElo "1396"]
[PlyCount "65"]
[EventDate "2009.06.18"]
[EventType "match (corr)"]
[EventRounds "2"]
[EventCountry "GER"]
[SourceTitle "Corr 2011"]
[Source "ChessBase"]
[SourceDate "2010.08.31"]
[SourceVersion "1"]
[SourceVersionDate "2010.08.31"]
[SourceQuality "1"]

1. d4 Nf6 2. c4 c6 3. Nc3 e6 4. e4 h5 5. e5 Ng4 6. h3 Nh6 7. Qxh5 g6 8. Qd1 d5 9. Nf3 Nf5 10. Bg5 Be7 11. Bxe7 Qxe7 12. cxd5 exd5 13. Be2 Be6 14. 0-0 Nd7 15. Rc1 a6 16. Qb3 b5 17. a3 Nh4 18. Na2 a5 19. Rxc6 Nxf3+ 20. Qxf3 Rb8 21. Bxb5 0-0 22. a4 Qh4 23. Qe3 Kg7 24. Rxe6 fxe6 25. Bxd7 Rxb2 26. Nc3 Qe7 27. Bb5 Rf7 28. Bd3 g5 29. Nb5 Kh6 30. Nd6 Rg7 31. h4 Kh5 32. g4+ Kxh4 33. Qg3# 1-0

[Event "LSS OP-2009-0-00843"]
[Site "LSS email"]
[Date "2009.05.12"]
[Round "?"]
[White "Moman, Aaron"]
[Black "Ranganathan, Raman"]
[Result "1-0"]
[WhiteElo "1660"]
[BlackElo "1396"]
[PlyCount "71"]
[EventDate "2009.05.08"]
[EventType "tourn (corr)"]
[EventRounds "4"]
[EventCountry "GER"]
[SourceTitle "Corr 2011"]
[Source "ChessBase"]
[SourceDate "2010.08.31"]
[SourceVersion "1"]
[SourceVersionDate "2010.08.31"]
[SourceQuality "1"]

1. d4 Nc6 2. e4 e5 3. Nf3 f6 4. dxe5 fxe5 5. Bc4 Nf6 6. Ng5 d5 7. exd5 Na5 8. Bd3 Qxd5 9. 0-0 Be7 10. Nc3 Qd7 11. Bxh7 Nxh7 12. Qh5+ Kd8 13. Nf7+ Ke8 14. Nxh8+ Kd8 15. Nf7+ Ke8 16. Nxe5+ Kd8 17. Nxd7 Kxd7 18. Qxh7 Nc6 19. Qxg7 Ke8 20. Nd5 Kd8 21. Re1 Bd7 22. Nxe7 Nxe7 23. Qxe7+ Kc8 24. Rd1 b6 25. Qxd7+ Kb7 26. Bf4 Rc8 27. Rd3 a5 28. Re1 Kb8 29. Re8 Rxe8 30. Qxc7+ Ka8 31. Rd8+ Rxd8 32. Qxd8+ Kb7 33. Qc7+ Ka6 34. Be3 Kb5 35. Qxb6+ Kc4 36. Qc5# 1-0